000 01492nam a22002417a 4500
999 _c58646
_d58646
003 Ge_BSU
005 20220622111817.0
008 220621s2019 ge ||||| |||| 00| 0 geo d
020 _a9789941814341
041 _ageo
080 _a615(075.8) ფ-26
245 _aფარმაცევტული ზრუნვა : ფარმაცევტის პროფესიული საქმიანობის ძირითადი მიმართულება :
_b სახელმძღვანელო /
_cთამაზ ჭუმბურიძე, ნინო ნემსიწვერიძე, დიანა შუბითიძე, ნათია კვიჟინაძე, ეკა ფრუიძე ; რედაქტორი ვაჟა ერიაშვილი.
264 _aთბილისი,
_c 2019.
300 _a119 გვ. :
_bილ. ;
_c28 სმ.
504 _a ბიბლიოგრაფია: გვ.116.
653 _aფარმაკოლოგია
700 _aჭუმბურიძე, თამაზ
_eავტორი
_911256
700 _aნემსიწვერიძე, ნინო
_eავტორი.
_914184
700 _aკვიჟინაძე, ნათია
_e ავტორი
_914185
700 _aფრუიძე, ეკა
_eავტორი
_914186
700 _aერიაშვილი, ვაჟა
_eრედაქტორი
_914187
942 _2udc
_cBK